Traffickers and Trafficking in Southern and Eastern Europa. Considering the Other Side of Human Trafficking

Guardado en:  
Detalles Bibliográficos
Autor principal: Sourtes, Rebecca (Autor)
Tipo de documento: Print Artículo
Lenguaje:Lengua no determinada
Publicado: 2008
En: European journal of criminology
Año: 2008, Volumen: 5, Número: 1, Páginas: 39-68
Verificar disponibilidad: HBZ Gateway
Palabras clave:

MARC

LEADER 00000caa a22000002c 4500
001 1639131612
003 DE-627
005 20220608124144.0
007 tu
008 160223s2008 xx ||||| 00| ||und c
035 |a (DE-627)1639131612 
035 |a (DE-576)455776334 
035 |a (DE-599)BSZ455776334 
040 |a DE-627  |b ger  |c DE-627  |e rakwb 
100 1 |a Sourtes, Rebecca  |4 aut 
245 1 0 |a Traffickers and Trafficking in Southern and Eastern Europa. Considering the Other Side of Human Trafficking  |c Rebecca Sourtes 
264 1 |c 2008 
336 |a Text  |b txt  |2 rdacontent 
337 |a ohne Hilfsmittel zu benutzen  |b n  |2 rdamedia 
338 |a Band  |b nc  |2 rdacarrier 
773 0 8 |i In  |t European journal of criminology  |d London [u.a.] : Sage, 2004  |g 5(2008), 1, Seite 39-68  |w (DE-627)378572970  |w (DE-600)2134760-8  |w (DE-576)109717155  |x 1477-3708  |7 nnas 
773 1 8 |g volume:5  |g year:2008  |g number:1  |g pages:39-68 
776 1 |o 10.1177/1477370807084224 
935 |a mkri 
951 |a AR 
ELC |b 1 
LOK |0 000 xxxxxcx a22 zn 4500 
LOK |0 001 329941495X 
LOK |0 003 DE-627 
LOK |0 004 1639131612 
LOK |0 005 20250411103216 
LOK |0 008 160208||||||||||||||||ger||||||| 
LOK |0 040   |a DE-21-110  |c DE-627  |d DE-21-110 
LOK |0 689   |a s  |a Menschenhandel 
LOK |0 689   |a s  |a Tätermerkmale 
LOK |0 689   |a s  |a Prävention 
LOK |0 689   |a s  |a Strafverfolgung 
LOK |0 689   |a g  |a Europa 
LOK |0 689   |a s  |a Organisationsstruktur 
LOK |0 852   |a DE-21-110 
LOK |0 852 1  |m p  |9 00 
LOK |0 935   |a k110 
LOK |0 938   |k p 
LOK |0 939   |a 08-02-16  |b l01 
ORI |a SA-MARC-krimdoka001.raw